000
00323nam a2200133Ia 4500
005
20260328101453.0
008
260328s9999||||xx |||||||||||||| ||und||
100
_a
Moreau, Fabrice
245
0
_a
Paris Sketchbook /
_c
Fabrice Moreau
260
_b
St. Martin's Press
300
_a
95 p.
650
_a
DIBUJO LIBRE
942
_c
BK
999
_c
8738
_d
8738